000 01157nam a22003137a 4500
001 BR2016004630
003 BR-BrBNA
005 20230928105010.0
007 ta
008 230509b bl.||||| |||| 00| 0 por d
040 _aBR-BrBNA
_bpor
_cBiblioteca Nacional de Agricultura
041 _a(Por)
072 _aE14
090 _ E14 BR2016004630
110 1 _aMinistério do Desenvolvimento Agrário, Brasília, Df (Brasil). Inst. Nacional de Colonização e Reforma Agrária
_97480
111 1 _a2. Conferência Nacional de Desenvolvimento Rural Sustentável e Solidário
_cBrasília, DF (Brazil)
245 1 _aGuia das políticas MDA -INCRA para povos e comunidades tradicionais
_bCoordenação Geral de Políticas para Povos e Comunidades Tradicionais- CGPCT/MDA
260 3 _aBrasília, DF (Brasil):
_c2013.
300 _a100 p.
500 _a15 illus
650 _aPOLÍTICA NACIONAL
650 _aPOLÍTICA DE DESENVOLVIMENTO
650 _aRECURSO NATURAL
650 _aDESENVOLVIMENTO SUSTENTÁVEL
650 _aDESENVOLVIMENTO RURAL
650 _aPROJETO DE DESENVOLVIMENTO
909 _a202309
_bLucia
_c55
_dLucia Elande
942 _cBK
999 _c82857
_d82857